00541nam a2200193Ia 4500003000400000005001700004008004100021040000700062041000800069082001500077100002400092245003500116260001700151300000900168650002300177942001300200999001900213952011500232OSt20251121151043.0250729s1954 xx 000 0 und d cAL aeng a301.1 FLES aFleming C M9224677 aSocial psychology of education aLondonc1954 a110p aPsychology9224678 2ddccBED c236531d236531 00104070aALbALd2025-07-29eManagement Booksl0o301.1 FLESpBED01850r2025-07-29 16:54:54w2025-07-29yBK